000 00518nam a2200217Ia 4500
008 160803s9999 xx 000 0 und d
020 _a9780531208571
100 _aMara, Wil
245 _aTee ball /
245 _cby Wil Mara.
260 _aNew York :
260 _bScholastic Inc.
260 _c2012
300 _a32 pages :
300 _bcolor illustrations ;
300 _c19 cm.
440 _aRookie read-about sports.
650 _aT-ball --
650 _xJuvenile literature.
700 _a280
999 _c299494
_d299494